Word Answers that Begin with a Soft C - Statistics

General Stats
  • This quiz has been taken 239 times
    153 since last reset
  • The average score is 12 of 21
Answer Stats
Hint Word % Correct
It contains ten decades century
97%
Oranges, lemons, grapefruits, pomelos, limes citrus
85%
Alcoholic beverage made from fermented apple juice cider
83%
Common vegetable in soups and salads celery
76%
Removal of the foreskin circumcision
73%
What C stands for in the CMYK color model cyan
72%
Thin circular metal percussion instrument cymbal
72%
Hurricanes, typhoons, tornadoes cyclone
70%
Aromatic spice from the inner bark of a tree cinnamon
69%
What Barnum & Bailey is famous for circus
64%
Mix it with sand to get concrete cement
63%
Famously noisy insect cicada
63%
Coniferous tree seen on the Lebanese flag cedar
57%
Impaired liver function caused by scar tissue cirrhosis
57%
Another term for coriander, especially the leaves cilantro
51%
Its volume is pi times radius squared times height. cylinder
50%
Closed sac of abnormal cells cyst
42%
Receptacle for holding liquids, usually water cistern
22%
Whales, dolphins, porpoises cetacean
21%
Empty tomb erected in honor of a person cenotaph
17%
Construction blocks are made from this lava rock cinder
17%
No matching quizzes found
Score Distribution
Percent of People with Each Score
Percentile by Number Answered
Your Score History
You have not taken this quiz since the last reset